| 000 | 00490cam a2200193ua 4500 | ||
|---|---|---|---|
| 020 | _c23.70 | ||
| 041 |
_aeng _h |
||
| 082 |
_a530 _bSEA/CO |
||
| 100 | _aSears, Francis Weston . | ||
| 245 |
_aCollege physics / _cFrancis Weston Sears. _hTextual Documents |
||
| 250 |
_a3 / _b. |
||
| 260 |
_aLondon : _bAddison-Wesley Publishing Company , _c1960. |
||
| 300 | _a1024 ; . | ||
| 365 | _a23.70 | ||
| 504 | _a | ||
| 700 | 1 | _aZemansky, Mark W . | |
| 942 | _cBK | ||
| 999 |
_c7524 _d7524 |
||